000 00672pam a2200241 a 4500
001 4868626
005 20180208044043.0
008 920506s1993 txua b 001 0 eng c
010 _a 92017022
020 _a0890795681
040 _aDNLM/DLC
_cDLC
_dDLC
041 _aeng
060 _aWM 475 L533c
080 _a616.85506
082 0 0 _a616.85506 LEI
_220
100 1 _a7
101 _aNEU
245 1 0 _aClinical methods in communication disorders /
_cWilliam R. Leith.
504 _aIncludes bibliographical references (p. 267-268) and index.
906 _a7
_bcbc
_corignew
_d1
_eocip
_f19
_gy-gencatlg
942 _2ddc
_cBK
999 _c42108
_d42108